000 00717nam a2200229 i 4500
001 80814
003 ES-MaACL
005 20230906174315.0
007 t|
008 041029s1913 xxkai |||| | eng d
080 _a929.6(42)
100 1 _aHope, W. H. St. John.
_9145255
245 1 2 _aA Grammar of English Heraldry /
_cby W. H. St John Hope.
260 _aCambridge :
_bUniversity Press,
_c1913.
300 _aXIV, 127 p. :
_bil. ;
_c16 cm.
490 1 _aThe Cambridge manuals of science and literature
500 _aÍndices.
650 4 _aHeráldica-
_zGran Bretaña.
_9145254
830 0 _aThe Cambridge manuals of science and literature
_9181538
852 _aES-MaACL
_jD-3290
999 _c80814
_d80814